Dark archives : (Record no. 590584)
[ view plain ]
| 000 -LEADER | |
|---|---|
| fixed length control field | 01912cam a22003738i 4500 |
| 001 - CONTROL NUMBER | |
| control field | 21556417 |
| 003 - CONTROL NUMBER IDENTIFIER | |
| control field | NUST |
| 005 - DATE AND TIME OF LATEST TRANSACTION | |
| control field | 20220825122133.0 |
| 008 - FIXED-LENGTH DATA ELEMENTS--GENERAL INFORMATION | |
| fixed length control field | 200608s2020 nyu b 001 0 eng |
| 010 ## - LIBRARY OF CONGRESS CONTROL NUMBER | |
| LC control number | 2020023645 |
| 020 ## - INTERNATIONAL STANDARD BOOK NUMBER | |
| International Standard Book Number | 9780374134709 |
| Qualifying information | (hardcover) |
| 038 ## - RECORD CONTENT LICENSOR | |
| Staff Name | Azhar |
| 040 ## - CATALOGING SOURCE | |
| Original cataloging agency | DLC |
| Language of cataloging | eng |
| Description conventions | rda |
| Transcribing agency | DLC |
| 042 ## - AUTHENTICATION CODE | |
| Authentication code | pcc |
| 050 00 - LIBRARY OF CONGRESS CALL NUMBER | |
| Classification number | Z269.3.A58 |
| Item number | R67 2020 |
| 082 00 - DEWEY DECIMAL CLASSIFICATION NUMBER | |
| Classification number | 002 |
| Edition number | 23 |
| Author Mark | ROS |
| 100 1# - MAIN ENTRY--PERSONAL NAME | |
| Personal name | Rosenbloom, Megan, |
| Dates associated with a name | 1981- |
| Relator term | author. |
| 9 (RLIN) | 94957 |
| 245 10 - TITLE STATEMENT | |
| Title | Dark archives : |
| Remainder of title | a librarian's investigation into the science and history of books bound in human skin |
| Statement of responsibility, etc. | Megan Rosenbloom. |
| 250 ## - EDITION STATEMENT | |
| Edition statement | First edition. |
| 260 ## - PUBLICATION, DISTRIBUTION, ETC. | |
| Place of publication, distribution, etc. | New York : |
| Name of publisher, distributor, etc. | Farrar, Straus and Giroux, |
| Date of publication, distribution, etc. | 2020 |
| 263 ## - PROJECTED PUBLICATION DATE | |
| Projected publication date | 2010 |
| 300 ## - PHYSICAL DESCRIPTION | |
| Extent | pages cm |
| 336 ## - CONTENT TYPE | |
| Content type term | text |
| Content type code | txt |
| Source | rdacontent |
| 337 ## - MEDIA TYPE | |
| Media type term | unmediated |
| Media type code | n |
| Source | rdamedia |
| 338 ## - CARRIER TYPE | |
| Carrier type term | volume |
| Carrier type code | nc |
| Source | rdacarrier |
| 504 ## - BIBLIOGRAPHY, ETC. NOTE | |
| Bibliography, etc. note | Includes bibliographical references and index. |
| 505 0# - FORMATTED CONTENTS NOTE | |
| Formatted contents note | The First Printing -- This Dreadful Workshop -- Gentlemen Collectors -- Skin Craft -- Secrets of the Sages-Femmes -- The Long Shadow of the Night Doctors -- The Postmortem Travels of William Corder -- Echoes of Tanner's Close -- The Highwayman's Gift -- Ghosts in the Library -- My Corpse, My Choice -- The French Connection -- Epilogue: Humane Anatomy -- The Anthropodermic Book Project's List of Confirmed Human Skin Books as of March 2020. |
| 520 ## - SUMMARY, ETC. | |
| Summary, etc. | "A medical librarian presents a fascinating, terrifying look into history's rarest books-- those bound in human skin-- and the stories of their creation and collection"-- |
| Assigning source | Provided by publisher. |
| 563 ## - BINDING INFORMATION | |
| Binding note | PB |
| 650 #0 - SUBJECT ADDED ENTRY--TOPICAL TERM | |
| Topical term or geographic name entry element | Anthropodermic books. |
| 9 (RLIN) | 94958 |
| 906 ## - LOCAL DATA ELEMENT F, LDF (RLIN) | |
| a | 7 |
| b | cbc |
| c | orignew |
| d | 1 |
| e | ecip |
| f | 20 |
| g | y-gencatlg |
| 942 ## - ADDED ENTRY ELEMENTS (KOHA) | |
| Source of classification or shelving scheme | |
| Koha item type | Lincoln Corner |
| Withdrawn status | Lost status | Source of classification or shelving scheme | Damaged status | Not for loan | Permanent Location | Current Location | Shelving location | Date acquired | Full call number | Barcode | Date last seen | Price effective from | Koha item type |
|---|---|---|---|---|---|---|---|---|---|---|---|---|---|
| Central Library (CL) | Central Library (CL) | Lincoln Corner | 07/25/2022 | 002 ROS | LC-240 | 07/25/2022 | 07/25/2022 | Reference |
